000 00864nmm a2200253 a 4500
001 ocm000786337
003 TR-IsHL
005 20201028152656.0
008 150709s1987 tu tur
007 cr cn
035 _a786337
_b(N$T)
050 0 4 _aHD9866.T92
_bT87 1987
090 0 4 _aHD9866.T92
_bT87 1987
245 1 0 _aTekstil ve konfeksiyon semineri
_h[electronic resource]
250 _a1. bs.
260 _aİstanbul :
_bİstanbul Ticaret Odası,
_c1987
300 _a160 p.
650 4 _aEkonomi ve Finans
650 4 _aEconomics and Finance
650 0 _aTekstil endüstrisi
_xTürkiye
_xKongreler
650 0 _aTextile industry
_xTurkey
_xCongresses
650 7 _aBUSINESS & ECONOMICS / Industries / Fashion & Textile Industry
_2bisacsh
856 4 0 _uhttp://search.ebscohost.com/login.aspx?direct=true&scope=site&db=e011xww&AN=786337
999 _c11649
_d11649